ARRUPE JESUIT UNIVERSITY

CORONAVIRUS -STOP THE SPREAD - CLEAN,DISINFECT,COVER

Aspects of toleration : (Record no. 117803)

MARC details
000 -LEADER
fixed length control field 01301cam a2200265 a 4500
001 - CONTROL NUMBER
control field 3332379
003 - CONTROL NUMBER IDENTIFIER
control field ARRUPE
005 - DATE AND TIME OF LATEST TRANSACTION
control field 20130917120535.0
008 - FIXED-LENGTH DATA ELEMENTS--GENERAL INFORMATION
fixed length control field 850530s1985 enk b 001 0 eng
010 ## - LIBRARY OF CONGRESS CONTROL NUMBER
LC control number 85013656
020 ## - INTERNATIONAL STANDARD BOOK NUMBER
International Standard Book Number 0416392903 :
Terms of availability $29.95 (est.)
040 ## - CATALOGING SOURCE
Original cataloging agency DLC
Transcribing agency DLC
Modifying agency OCoLC
-- DLC
050 00 - LIBRARY OF CONGRESS CALL NUMBER
Classification number BJ1431
Item number .A86 1985
082 00 - DEWEY DECIMAL CLASSIFICATION NUMBER
Classification number 179/.9
Edition number 19
300 ## - PHYSICAL DESCRIPTION
Dimensions 23 cm.
245 00 - TITLE STATEMENT
Title Aspects of toleration :
Remainder of title philosophical studies /
Statement of responsibility, etc edited by John Horton & Susan Mendus.
260 ## - PUBLICATION, DISTRIBUTION, ETC. (IMPRINT)
Place of publication, distribution, etc London ;
-- New York :
Name of publisher, distributor, etc Methuen,
Date of publication, distribution, etc 1985.
300 ## - PHYSICAL DESCRIPTION
Extent 180 p. ;
504 ## - BIBLIOGRAPHY, ETC. NOTE
Bibliography, etc Includes bibliographies and index.
505 0# - FORMATTED CONTENTS NOTE
Formatted contents note Introduction / John Horton and Susan Mendus -- Toleration, individual differences, and respect for persons / Albert Weale -- Toleration and the right to freedon / Thomas Baldwin -- Repressive toleration revisited / Alex Callinicos -- Toleration and the English blasphemy law / David Edwards -- Harm, offence, and censorship / Susan Mendus -- Toleration, morality, and harm / John Horton -- Toleration, harm, and moral effect / Peter Jones -- Toleration as a moral ideal / Peter P. Nicholson.
650 #0 - SUBJECT ADDED ENTRY--TOPICAL TERM
Topical term or geographic name as entry element Toleration.
9 (RLIN) 231
700 1# - ADDED ENTRY--PERSONAL NAME
Personal name Horton, John
Fuller form of name (John P.)
9 (RLIN) 232
700 1# - ADDED ENTRY--PERSONAL NAME
Personal name Mendus, Susan.
9 (RLIN) 233
906 ## - LOCAL DATA ELEMENT F, LDF (RLIN)
a 7
b cbc
c orignew
d 1
e ocip
f 19
g y-gencatlg
942 ## - ADDED ENTRY ELEMENTS (KOHA)
Source of classification or shelving scheme Library of Congress Classification
Koha item type Monograph ( Printed materials)
Holdings
Withdrawn status Lost status Source of classification or shelving scheme Damaged status Not for loan Home library Current library Date acquired Total Checkouts Full call number Barcode Date last seen Price effective from Koha item type
    Library of Congress Classification     ARRUPE LIBRARY ARRUPE LIBRARY 17/09/2013   BJ1431 .A86 1985 46411825 22/09/2016 17/09/2013 Monograph ( Printed materials)

 

Arrupe Library. PO Box MP320 Mt Pleasant, Harare, Zimbabwe
263 242 745411|librarian@aju.ac.zw